[Event "MCR_CF284"]
[Site "?"]
[Date "2004.??.??"]
[Round "?"]
[White "Struzka, Vlastimil"]
[Black "Kratochvil, Vaclav"]
[Result "0-1"]
[WhiteElo "2128"]
[BlackElo "2199"]
[PlyCount "98"]
[EventDate "2004.??.??"]
[EventType "corr"]
[EventRounds "2"]
[SourceDate "2005.03.12"]

1. d4 d5 2. Nf3 Nf6 3. e3 e6 4. Nbd2 c5 5. c3 Nc6 6. Bd3 Bd6 7. O-O O-O 8. dxc5
Bxc5 9. e4 Qc7 10. exd5 exd5 11. Nb3 Bb6 12. Nbd4 Re8 13. Nb5 Qd8 14. Bg5 Bg4
15. h3 Bh5 16. g4 Bg6 17. Bxg6 fxg6 18. Qd3 a6 19. Nbd4 Qd6 20. Bxf6 gxf6 21.
Rae1 Ne5 22. Qd1 Bc5 23. Nb3 Ba7 24. Kg2 Nc4 25. Qc2 Ne5 26. Qd1 b5 27. Re2 Re7
28. Nbd4 Rae8 29. Rfe1 Bc5 30. a3 Qd7 31. Re3 Nc4 32. Rxe7 Rxe7 33. Rxe7 Bxe7
34. Qe2 Kf7 35. Ne1 Bc5 36. Nd3 Bxd4 37. cxd4 Qe7 38. Qf3 Qe4 39. Qxe4 dxe4 40.
Nc5 Nxb2 41. Nxa6 Nc4 42. Kg3 g5 43. Nc5 Nxa3 44. Nxe4 b4 45. Nc5 Nc2 46. Kf3
Nxd4+ 47. Ke3 b3 48. Nd3 Ne6 49. Kd2 Nf4 0-1

[Event "MCR_CF284"]
[Site "?"]
[Date "2004.??.??"]
[Round "?"]
[White "Kratochvil, Vaclav"]
[Black "Struzka, Vlastimil"]
[Result "1-0"]
[WhiteElo "2199"]
[BlackElo "2128"]
[PlyCount "97"]
[EventDate "2004.??.??"]
[EventType "corr"]
[EventRounds "2"]
[SourceDate "2005.03.12"]

1. e4 c5 2. Nf3 Nc6 3. Bb5 a6 4. Ba4 b5 5. Bb3 c4 6. d4 cxb3 7. axb3 a5 8. d5
Nb4 9. O-O d6 10. Nc3 Bd7 11. Qe2 Nf6 12. Rd1 Ng4 13. Nd4 Qb8 14. Bf4 Qb6 15.
Ndxb5 h6 16. h3 g5 17. Bxd6 exd6 18. hxg4 Bg7 19. Na3 O-O 20. Nc4 Qc7 21. Rd2
Rfb8 22. Ra3 Rb7 23. Qf3 a4 24. e5 dxe5 25. Ne4 Ra6 26. d6 Qc8 27. Nf6+ Bxf6
28. Qxf6 Qf8 29. Nxe5 Nc6 30. Nxd7 Rxd7 31. Rxa4 Rb6 32. c4 Rxb3 33. c5 Rb5 34.
Rc2 Qe8 35. Ra3 Qf8 36. Re3 Rb8 37. Rce2 Nb4 38. Qf5 Rdd8 39. Re7 Nc6 40. R2e6
Qg7 41. Rxf7 Qxf7 42. Rg6+ Kf8 43. Rf6 Rd7 44. Qg6 Ne5 45. Qxh6+ Kg8 46. Qxg5+
Qg7 47. Qxe5 Rf7 48. g5 Rxf6 49. gxf6 1-0

[Event "MCR_CF284"]
[Site "?"]
[Date "2004.??.??"]
[Round "?"]
[White "Struzka, Vlastimil"]
[Black "Jarabinsky, Martin"]
[Result "1/2-1/2"]
[WhiteElo "2128"]
[BlackElo "2127"]
[PlyCount "127"]
[EventDate "2004.??.??"]
[EventType "corr"]
[EventRounds "2"]
[SourceDate "2005.03.12"]

1. Nf3 d5 2. d4 Nf6 3. e3 e6 4. c4 Nc6 5. Nc3 Bb4 6. a3 Bxc3+ 7. bxc3 O-O 8.
Bd3 Re8 9. O-O e5 10. cxd5 Qxd5 11. e4 Qd6 12. d5 Na5 13. Bg5 Bd7 14. Qb1 b6
15. Qb4 h6 16. Qxd6 cxd6 17. Bxf6 gxf6 18. Nd2 Kf8 19. f4 Ke7 20. Rf3 Rg8 21.
f5 Nb7 22. Rh3 Nc5 23. Be2 Rh8 24. Kf2 Rag8 25. Rb1 Ba4 26. Rb4 Bc2 27. Re3 h5
28. Rb2 Ba4 29. h4 Rg7 30. Rg3 Rxg3 31. Kxg3 Rc8 32. Kf3 Nb3 33. Nb1 Rg8 34. g3
Nc1 35. Bc4 b5 36. Bf1 Rc8 37. g4 hxg4+ 38. Kxg4 Bd1+ 39. Kg3 Nb3 40. Bxb5 Nc5
41. Be2 Nxe4+ 42. Kf3 Bxe2+ 43. Kxe2 Ng3+ 44. Kf3 Nxf5 45. Rb7+ Kf8 46. h5 Ne7
47. h6 Nxd5 48. c4 Ne7 49. h7 Ng6 50. Nd2 f5 51. Rxa7 e4+ 52. Ke3 Kg7 53. Ra5
Ne5 54. Rd5 Kxh7 55. a4 Nxc4+ 56. Nxc4 Rxc4 57. Rxf5 Kg7 58. Rd5 Kf6 59. Rxd6+
Ke5 60. Rd7 Rxa4 61. Rxf7 Ra3+ 62. Ke2 Kd4 63. Rd7+ Kc5 64. Rg7 1/2-1/2

[Event "MCR_CF284"]
[Site "?"]
[Date "2004.??.??"]
[Round "?"]
[White "Jarabinsky, Martin"]
[Black "Struzka, Vlastimil"]
[Result "1/2-1/2"]
[WhiteElo "2127"]
[BlackElo "2128"]
[PlyCount "126"]
[EventDate "2004.??.??"]
[EventType "corr"]
[EventRounds "2"]
[SourceDate "2005.03.12"]

1. c4 e5 2. Nc3 Nc6 3. g3 Nf6 4. Bg2 Bc5 5. a3 O-O 6. e3 Re8 7. b4 Bf8 8. Nge2
d6 9. O-O e4 10. d4 exd3 11. Qxd3 Ne5 12. Qc2 Nxc4 13. Nd5 Nxd5 14. Bxd5 Ne5
15. Bb2 c6 16. Bg2 d5 17. e4 Bg4 18. h3 Bf3 19. Rad1 Qf6 20. exd5 Bxg2 21. Kxg2
Qf3+ 22. Kg1 cxd5 23. Bxe5 Rxe5 24. Nf4 a5 25. Rd3 Qe4 26. Qc7 d4 27. Qd7 axb4
28. axb4 Rae8 29. Rxd4 Qf3 30. Nd3 R5e7 31. Qd5 Qf6 32. Nc5 Qh6 33. h4 Re5 34.
Qxb7 Bxc5 35. bxc5 Rxc5 36. Re4 Rf8 37. Qd7 Qb6 38. Rfe1 Rc2 39. Rf4 Rc7 40.
Qd4 Qc6 41. Rg4 f5 42. Rf4 Rd7 43. Qe5 Rd5 44. Qe2 Rfd8 45. Rc4 Qd7 46. Qe3 Qf7
47. Qc1 h6 48. Rc7 R5d7 49. Rxd7 Qxd7 50. Qf4 Qf7 51. Kh2 Qg6 52. Re5 Rf8 53.
Kg1 Kh7 54. Kg2 Qc6+ 55. Qf3 Qxf3+ 56. Kxf3 Kg6 57. Kf4 Ra8 58. Rd5 Ra4+ 59.
Kf3 Ra7 60. Re5 Kf6 61. Rb5 Ra6 62. Rb3 g5 63. hxg5+ hxg5 1/2-1/2

[Event "MCR_CF284"]
[Site "?"]
[Date "2004.??.??"]
[Round "?"]
[White "Houdek, Vladimir"]
[Black "Jarabinsky, Martin"]
[Result "1/2-1/2"]
[WhiteElo "2184"]
[BlackElo "2127"]
[PlyCount "67"]
[EventDate "2004.??.??"]
[EventType "corr"]
[EventRounds "2"]
[SourceDate "2005.03.12"]

1. Nf3 c5 2. c4 Nf6 3. Nc3 e6 4. g3 Nc6 5. Bg2 d5 6. cxd5 Nxd5 7. O-O Be7 8. d4
O-O 9. Nxd5 exd5 10. dxc5 Bxc5 11. Qc2 Bb6 12. Bf4 Qf6 13. Qd2 Re8 14. a4 Ba5
15. Qd3 h6 16. Be3 Qxb2 17. Rab1 Qa2 18. Nd4 Nxd4 19. Qxd4 Bb6 20. Qxd5 Qxd5
21. Bxd5 Re5 22. Rb5 Bxe3 23. fxe3 Re7 24. Kf2 Rb8 25. a5 Rc7 26. e4 Bd7 27.
Rb4 b5 28. axb6 Rxb6 29. Rxb6 axb6 30. Ke3 Ba4 31. Rb1 b5 32. e5 Kf8 33. Kd4
Rc2 34. Rf1 1/2-1/2

[Event "MCR_CF284"]
[Site "?"]
[Date "2004.??.??"]
[Round "?"]
[White "Jarabinsky, Martin"]
[Black "Houdek, Vladimir"]
[Result "1/2-1/2"]
[WhiteElo "2127"]
[BlackElo "2184"]
[PlyCount "58"]
[EventDate "2004.??.??"]
[EventType "corr"]
[EventRounds "2"]
[SourceDate "2005.03.12"]

1. c4 e5 2. Nc3 Nf6 3. e4 Bc5 4. g3 d6 5. h3 O-O 6. Bg2 Nc6 7. Nge2 Be6 8. d3
a6 9. O-O b5 10. cxb5 axb5 11. Nxb5 Qd7 12. Bg5 Rab8 13. Nec3 Nd4 14. Nxd4 Bxd4
15. Qd2 c6 16. Rab1 Bxh3 17. Bxf6 gxf6 18. Ne2 Bb6 19. a4 Bg4 20. b4 Ba7 21.
Rfc1 Kg7 22. Kf1 Bh3 23. d4 Qg4 24. Bxh3 Qxh3+ 25. Kg1 Rfc8 26. Qd3 Bb6 27.
dxe5 dxe5 28. Qf3 Qe6 29. a5 Bd8 1/2-1/2

[Event "MCR_CF284"]
[Site "?"]
[Date "2004.??.??"]
[Round "?"]
[White "Pribyl, Rudolf"]
[Black "Kratochvil, Vaclav"]
[Result "1-0"]
[WhiteElo "2056"]
[BlackElo "2199"]
[PlyCount "97"]
[EventDate "2004.??.??"]
[EventType "corr"]
[EventRounds "2"]
[SourceDate "2005.03.12"]

1. d4 d5 2. c4 c6 3. Nf3 Nf6 4. Nc3 dxc4 5. a4 Bf5 6. Nh4 e6 7. Nxf5 exf5 8. e3
Bd6 9. Bxc4 O-O 10. Qf3 g6 11. h3 h5 12. O-O Qe7 13. Re1 Nbd7 14. e4 fxe4 15.
Nxe4 Nxe4 16. Rxe4 Qf6 17. Bf4 Nb6 18. Bxd6 Qxd6 19. Bb3 Nd5 20. Rae1 Rad8 21.
Bxd5 Qxd5 22. Qe3 a5 23. b3 Rd7 24. Rc1 f5 25. Re6 Kg7 26. Rc4 f4 27. Qe1 f3
28. Re5 Qd6 29. g3 h4 30. Re6 Qd5 31. gxh4 Rf5 32. Qe3 Rh5 33. Rc5 Qxd4 34.
Rxg6+ Kxg6 35. Qe6+ Kg7 36. Rxh5 Qd1+ 37. Kh2 Qd6+ 38. Qxd6 Rxd6 39. Rxa5 Kh6
40. Kg3 Rd3 41. b4 Rd4 42. b5 cxb5 43. Rxb5 Rxa4 44. Rxb7 Ra6 45. Rb5 Rf6 46.
Kg4 Kg6 47. Rg5+ Kh6 48. Rf5 Rg6+ 49. Kxf3 1-0

[Event "MCR_CF284"]
[Site "?"]
[Date "2004.??.??"]
[Round "?"]
[White "Zavadil, Jaroslav"]
[Black "Pribyl, Rudolf"]
[Result "0-1"]
[WhiteElo "2168"]
[BlackElo "2056"]
[PlyCount "88"]
[EventDate "2004.??.??"]
[EventType "corr"]
[EventRounds "2"]
[SourceDate "2005.03.12"]

1. e4 c5 2. Nf3 e6 3. d4 cxd4 4. Nxd4 a6 5. Nc3 Qc7 6. Bd3 Nc6 7. Be3 b5 8.
Nxc6 Qxc6 9. O-O Bb7 10. a4 b4 11. Ne2 Nf6 12. f3 d5 13. e5 Nd7 14. Nd4 Qc7 15.
f4 Nc5 16. Qg4 Rc8 17. Be2 Ne4 18. Rfd1 g6 19. Bd3 h5 20. Qh3 Nc5 21. Be2 Be7
22. a5 Kd8 23. Rdc1 g5 24. Bxh5 gxf4 25. Bxf4 Ne4 26. Rd1 Bc5 27. Qf3 Ke8 28.
Rd3 Rh7 29. Qe2 Bc6 30. Qg4 Ke7 31. Rad1 Bb5 32. Bxf7 Bxd4+ 33. Rxd4 Kxf7 34.
Rxb4 Qxc2 35. Be3 Rg7 36. Qf3+ Kg8 37. Rxb5 axb5 38. Rf1 Nd2 39. Bxd2 Qxd2 40.
g3 Rc2 41. Qf8+ Kh7 42. Qf2 Rxb2 43. Qxd2 Rxd2 44. Rf4 Ra7 0-1

[Event "MCR_CF284"]
[Site "?"]
[Date "2004.??.??"]
[Round "?"]
[White "Zavadil, Jaroslav"]
[Black "Struzka, Vlastimil"]
[Result "0-1"]
[WhiteElo "2168"]
[BlackElo "2128"]
[PlyCount "88"]
[EventDate "2004.??.??"]
[EventType "corr"]
[EventRounds "2"]
[SourceDate "2005.03.12"]

1. e4 c5 2. Nf3 Nc6 3. d4 cxd4 4. Nxd4 d5 5. Nxc6 bxc6 6. exd5 Qxd5 7. Qxd5
cxd5 8. Nc3 Nf6 9. Be3 a6 10. O-O-O e6 11. Bd3 Bd6 12. Bd4 Kf8 13. Rhe1 Nd7 14.
g3 e5 15. Be3 d4 16. Ne4 Be7 17. Bd2 Rb8 18. f4 f5 19. Ng5 e4 20. Bc4 Nb6 21.
Bb3 Na8 22. g4 g6 23. gxf5 gxf5 24. Rg1 Bf6 25. a3 Rxb3 26. cxb3 Nc7 27. Bb4+
Ke8 28. Bd6 Nd5 29. Be5 Bxe5 30. fxe5 d3 31. Rge1 Ke7 32. Rd2 Rd8 33. Kb1 Bb7
34. Nxh7 Nc7 35. Ng5 Ne6 36. Nh3 f4 37. Nxf4 Nxf4 38. b4 Ke6 39. a4 Kxe5 40.
Kc1 Rc8+ 41. Kb1 Kd4 42. Rf2 Nh3 43. Rg2 e3 44. Rg3 e2 0-1

[Event "MCR_CF284"]
[Site "?"]
[Date "2004.??.??"]
[Round "?"]
[White "Struzka, Vlastimil"]
[Black "Zavadil, Jaroslav"]
[Result "1-0"]
[WhiteElo "2128"]
[BlackElo "2168"]
[PlyCount "87"]
[EventDate "2004.??.??"]
[EventType "corr"]
[EventRounds "2"]
[SourceDate "2005.03.12"]

1. d4 Nf6 2. Nf3 e6 3. Bg5 c5 4. Nc3 cxd4 5. Nxd4 Bb4 6. e4 Bxc3+ 7. bxc3 Qa5
8. Nb5 Nxe4 9. Qd4 O-O 10. Qxe4 a6 11. Qb4 axb5 12. Be7 Re8 13. Qxa5 Rxa5 14.
Bb4 Ra8 15. Bxb5 b6 16. c4 Nc6 17. Bc3 Bb7 18. O-O-O Red8 19. Rd6 Rxa2 20. Rhd1
Raa8 21. Rxd7 Rxd7 22. Rxd7 Nd8 23. f3 Bc6 24. Rd6 Rc8 25. Bd4 Ba8 26. Bd7 Rxc4
27. Bxb6 Nb7 28. Rxe6 Rxc2+ 29. Kxc2 fxe6 30. Bxe6+ Kf8 31. Bd5 Ke7 32. f4 Kd6
33. Be4 g6 34. h4 h5 35. g3 Kd7 36. Kd3 Ke6 37. Bxg6 Nd6 38. Bxh5 Be4+ 39. Kd4
Nf5+ 40. Kxe4 Nxg3+ 41. Kf3 Nxh5 42. Bd4 Kf5 43. Be5 Nxf4 44. Bxf4 1-0

[Event "MCR_CF284"]
[Site "?"]
[Date "2004.??.??"]
[Round "?"]
[White "Pribyl, Rudolf"]
[Black "Jarabinsky, Martin"]
[Result "1-0"]
[WhiteElo "2056"]
[BlackElo "2127"]
[PlyCount "53"]
[EventDate "2004.??.??"]
[EventType "corr"]
[EventRounds "2"]
[SourceDate "2005.03.12"]

1. d4 f5 2. g3 Nf6 3. Bg2 e6 4. c4 Be7 5. Nh3 O-O 6. O-O d6 7. Nc3 c6 8. Qc2 e5
9. dxe5 dxe5 10. Rd1 Qe8 11. Ng5 Qh5 12. Nf3 Nbd7 13. a3 e4 14. Nd4 Ne5 15. Na4
Rd8 16. b4 Qf7 17. c5 Nd5 18. Qb3 Bf6 19. Bb2 e3 20. fxe3 Ng4 21. Bxd5 cxd5 22.
Nf3 Bd7 23. Bxf6 Qxf6 24. Nb2 Be6 25. Rd4 Qh6 26. Ne1 Re8 27. Rc1 1-0

[Event "MCR_CF284"]
[Site "?"]
[Date "2004.??.??"]
[Round "?"]
[White "Jarabinsky, Martin"]
[Black "Pribyl, Rudolf"]
[Result "0-1"]
[WhiteElo "2127"]
[BlackElo "2056"]
[PlyCount "54"]
[EventDate "2004.??.??"]
[EventType "corr"]
[EventRounds "2"]
[SourceDate "2005.03.12"]

1. Nf3 d5 2. c4 d4 3. g3 g6 4. Bg2 Bg7 5. d3 c5 6. O-O Nc6 7. a3 Qd6 8. b4 cxb4
9. axb4 Qxb4 10. Na3 Qb6 11. Nb5 a6 12. Bf4 e5 13. Nd6+ Kf8 14. Bc1 Nge7 15.
Ng5 Nd8 16. Ba3 Bh6 17. Nxc8 Rxc8 18. Ne4 f5 19. Nd6 Rb8 20. Qa4 Qc7 21. Ne8
Qc8 22. Rfb1 Ndc6 23. Nd6 Qc7 24. Nxb7 Rxb7 25. Bxc6 Rb6 26. Rxb6 Qxb6 27. Bd5
Bg5 0-1

[Event "MCR_CF284"]
[Site "?"]
[Date "2004.??.??"]
[Round "?"]
[White "Mateka, Petr"]
[Black "Kratochvil, Vaclav"]
[Result "1-0"]
[WhiteElo "1899"]
[BlackElo "2199"]
[PlyCount "111"]
[EventDate "2004.??.??"]
[EventType "corr"]
[EventRounds "2"]
[SourceDate "2005.03.12"]

1. e4 c5 2. Nf3 Nc6 3. d4 cxd4 4. Nxd4 g6 5. Nc3 Bg7 6. Be3 Nf6 7. Be2 O-O 8.
O-O d6 9. Re1 Bd7 10. Rb1 Rc8 11. Qd2 a6 12. Rbd1 Ng4 13. Nxc6 bxc6 14. Ba7 Ra8
15. Bd4 e5 16. Bc5 Qh4 17. h3 dxc5 18. hxg4 Bxg4 19. Bxg4 Qxg4 20. Na4 Rfb8 21.
Qd6 c4 22. Qxc6 Rc8 23. Qd6 Rab8 24. Qxa6 h6 25. Qd6 Qf4 26. Rd5 Qh4 27. c3 Rd8
28. Qa6 Rdc8 29. Rd6 Ra8 30. Qb5 Bf8 31. Rd5 Rc7 32. Nb6 Rb8 33. a4 Qf4 34. g3
Qf3 35. Re3 Qg4 36. Rxe5 h5 37. Re8 Rxe8 38. Qxe8 h4 39. Nd5 Qd1+ 40. Kg2 h3+
41. Kxh3 Qh1+ 42. Kg4 f5+ 43. Kf4 Rf7 44. Ke5 fxe4 45. Kd4 Kg7 46. a5 Qd1+ 47.
Kxc4 Qf1+ 48. Kd4 Qd1+ 49. Kxe4 Qc2+ 50. Kd4 Qxb2 51. Re2 Qb1 52. Qe5+ Kg8 53.
Nf6+ Kh8 54. f4 Qh1 55. g4 Qg1+ 56. Kc4 1-0

[Event "MCR_CF284"]
[Site "?"]
[Date "2004.??.??"]
[Round "?"]
[White "Fejfar, Vlastimil"]
[Black "Jarabinsky, Martin"]
[Result "1-0"]
[WhiteElo "1958"]
[BlackElo "2127"]
[PlyCount "59"]
[EventDate "2004.??.??"]
[EventType "corr"]
[EventRounds "2"]
[SourceDate "2005.03.12"]

1. e4 e6 2. d4 c5 3. d5 exd5 4. exd5 d6 5. Nf3 Nf6 6. Nc3 Be7 7. Bd3 O-O 8. O-O
Bg4 9. Re1 Nbd7 10. a4 Ne5 11. Be2 Re8 12. Nxe5 Bxe2 13. Qxe2 dxe5 14. Qc4 h6
15. Rxe5 Qd7 16. Bf4 Bd6 17. Rxe8+ Rxe8 18. Bxd6 Qxd6 19. Rd1 Kf8 20. f3 b6 21.
Qa6 Qe5 22. d6 Rd8 23. Qxa7 Rxd6 24. Qa8+ Ne8 25. Qe4 Qe6 26. Qxe6 fxe6 27.
Rxd6 Nxd6 28. Ne4 Nc4 29. b3 Na5 30. Nd6 1-0

[Event "MCR_CF284"]
[Site "?"]
[Date "2004.??.??"]
[Round "?"]
[White "Jarabinsky, Martin"]
[Black "Fejfar, Vlastimil"]
[Result "0-1"]
[WhiteElo "2127"]
[BlackElo "1958"]
[PlyCount "52"]
[EventDate "2004.??.??"]
[EventType "corr"]
[EventRounds "2"]
[SourceDate "2005.03.12"]

1. Nf3 Nf6 2. c4 c5 3. g3 Nc6 4. Bg2 d5 5. cxd5 Nxd5 6. Nc3 e6 7. O-O Bd6 8.
Nxd5 exd5 9. d4 O-O 10. dxc5 Bxc5 11. Qc2 Qb6 12. Ng5 g6 13. Qd2 Bf5 14. a3
Rad8 15. b4 Bd4 16. Bb2 Rfe8 17. e3 Bxb2 18. Qxb2 Ne5 19. Nf3 Nc4 20. Qd4 Rd6
21. Qxb6 Rxb6 22. Nd4 Be4 23. Bxe4 dxe4 24. Rfc1 Ne5 25. h4 Kg7 26. Rc7 h6 0-1

[Event "MCR_CF284"]
[Site "?"]
[Date "2004.??.??"]
[Round "?"]
[White "Houdek, Vladimir"]
[Black "Mateka, Petr"]
[Result "1/2-1/2"]
[WhiteElo "2184"]
[BlackElo "1899"]
[PlyCount "84"]
[EventDate "2004.??.??"]
[EventType "corr"]
[EventRounds "2"]
[SourceDate "2005.03.12"]

1. Nf3 Nf6 2. c4 e6 3. Nc3 Bb4 4. Qc2 O-O 5. a3 Bxc3 6. Qxc3 c5 7. b4 d6 8. d3
Qe7 9. g3 b6 10. Bg2 Bb7 11. O-O Nbd7 12. e4 Rfe8 13. h3 Qd8 14. Rb1 Qc7 15.
Be3 e5 16. Qb2 Re6 17. Nh4 a5 18. b5 Rae8 19. Nf5 Bc8 20. f4 exf4 21. gxf4 Kh8
22. Kh1 Qd8 23. Rg1 Rg8 24. Bd2 Ne8 25. Be1 Nf8 26. Bh4 Qd7 27. d4 cxd4 28.
Nxd4 Rh6 29. Nf5 Re6 30. Bg5 Bb7 31. Rbe1 Qc7 32. Qd4 Nd7 33. Re3 Nc5 34. Bh4
f6 35. Bf2 a4 36. Re2 g6 37. Nh6 Rf8 38. f5 Re5 39. Bg3 Nb3 40. Qd3 Nc5 41. Qc2
Re7 42. Rd1 Nb3 1/2-1/2

[Event "MCR_CF284"]
[Site "?"]
[Date "2004.??.??"]
[Round "?"]
[White "Mateka, Petr"]
[Black "Houdek, Vladimir"]
[Result "1/2-1/2"]
[WhiteElo "1899"]
[BlackElo "2184"]
[PlyCount "83"]
[EventDate "2004.??.??"]
[EventType "corr"]
[EventRounds "2"]
[SourceDate "2005.03.12"]

1. e4 c5 2. Nf3 e6 3. d4 cxd4 4. Nxd4 a6 5. Nc3 Qc7 6. Be3 Nc6 7. Nxc6 bxc6 8.
Bd3 Nf6 9. O-O Be7 10. f4 Rb8 11. e5 Nd5 12. Nxd5 cxd5 13. Rb1 O-O 14. Qh5 h6
15. Kh1 d6 16. c3 Bd7 17. Rf3 f5 18. exf6 Rxf6 19. Bg6 Be8 20. Bxe8 Rf5 21. Qg6
Rf6 22. Qd3 Rxe8 23. Qxa6 Rff8 24. Qe2 Bf6 25. Rd1 Qc6 26. f5 e5 27. Rg3 Ra8
28. a3 Kf7 29. Bc1 e4 30. Rgd3 d4 31. cxd4 Qd5 32. Re3 Rfe8 33. Qh5+ Ke7 34. b4
Rac8 35. Ree1 Kd7 36. Qg6 Rf8 37. Qg4 Rfe8 38. Qe2 Rc3 39. Bd2 Rxa3 40. Be3 Ra2
41. Qg4 Rb8 42. Rb1 1/2-1/2

[Event "MCR_CF284"]
[Site "?"]
[Date "2004.??.??"]
[Round "?"]
[White "Fejfar, Vlastimil"]
[Black "Mateka, Petr"]
[Result "1/2-1/2"]
[WhiteElo "1958"]
[BlackElo "1899"]
[PlyCount "90"]
[EventDate "2004.??.??"]
[EventType "corr"]
[EventRounds "2"]
[SourceDate "2005.03.12"]

1. e4 e5 2. Nf3 Nc6 3. Bb5 a6 4. Ba4 Nf6 5. O-O Be7 6. Re1 b5 7. Bb3 O-O 8. c3
d6 9. h3 Na5 10. Bc2 c5 11. d4 Qc7 12. Bg5 Nc4 13. b3 Nb6 14. Nbd2 Bb7 15. Nf1
h6 16. Bh4 Rfe8 17. d5 c4 18. Ne3 cxb3 19. axb3 Qxc3 20. Nf5 Nbd7 21. Re3 Qc7
22. Qd2 Bf8 23. Rc3 Qb6 24. b4 a5 25. bxa5 Rxa5 26. Rb1 Ra2 27. Qc1 Nc5 28. Bb3
Nxb3 29. Rcxb3 Qa7 30. Qe1 Nd7 31. Rxb5 Nc5 32. Kh2 Ba6 33. Ra5 Rxa5 34. Qxa5
Ra8 35. Nd2 g6 36. Ne3 g5 37. Bg3 Bd3 38. Qxa7 Rxa7 39. Rb8 Ra2 40. Ndc4 Bxc4
41. Nxc4 Nxe4 42. Ne3 Nxf2 43. Bxf2 Rxf2 44. Kg1 Rf4 45. g4 f6 1/2-1/2

[Event "MCR_CF284"]
[Site "?"]
[Date "2004.??.??"]
[Round "?"]
[White "Kratochvil, Vaclav"]
[Black "Fejfar, Vlastimil"]
[Result "1-0"]
[WhiteElo "2199"]
[BlackElo "1958"]
[PlyCount "99"]
[EventDate "2004.??.??"]
[EventType "corr"]
[EventRounds "2"]
[SourceDate "2005.03.12"]

1. e4 e5 2. Nf3 Nc6 3. Bb5 a6 4. Ba4 Nf6 5. O-O Be7 6. Re1 b5 7. Bb3 O-O 8. c3
d5 9. exd5 Nxd5 10. Nxe5 Nxe5 11. Rxe5 c6 12. d4 Bd6 13. Re1 Qh4 14. g3 Qh3 15.
Be3 Bg4 16. Qd3 f5 17. f4 g5 18. Qf1 Qh5 19. Nd2 Kh8 20. Bxd5 cxd5 21. fxg5 f4
22. Bxf4 Rxf4 23. gxf4 Rf8 24. Re5 Bxe5 25. dxe5 h6 26. Re1 hxg5 27. f5 Rxf5
28. Qg2 Bh3 29. Qe2 Qxe2 30. Rxe2 Kg7 31. Re3 g4 32. Re1 Kf7 33. Nb3 Rf4 34. a3
Re4 35. Rxe4 dxe4 36. Nc5 e3 37. Nxa6 Ke6 38. Nc7+ Kxe5 39. Nxb5 Ke4 40. Nd4
Kd3 41. a4 Kd2 42. a5 g3 43. hxg3 Bc8 44. c4 Kd3 45. Nf3 Kxc4 46. g4 Bb7 47.
Ne5+ Kd4 48. Ng6 Kd3 49. Kf1 Kd2 50. Nf4 1-0

[Event "MCR_CF284"]
[Site "?"]
[Date "2004.??.??"]
[Round "?"]
[White "Kratochvil, Vaclav"]
[Black "Jarabinsky, Martin"]
[Result "1-0"]
[WhiteElo "2199"]
[BlackElo "2127"]
[PlyCount "75"]
[EventDate "2004.??.??"]
[EventType "corr"]
[EventRounds "2"]
[SourceDate "2005.03.12"]

1. e4 e5 2. Nf3 Nc6 3. Bb5 a6 4. Ba4 Nf6 5. O-O Be7 6. Re1 b5 7. Bb3 O-O 8. c3
d5 9. exd5 Nxd5 10. Nxe5 Nxe5 11. Rxe5 c6 12. d4 Bd6 13. Re1 Qh4 14. g3 Qh3 15.
Be3 Re8 16. Bxd5 cxd5 17. Qf3 Ra7 18. Nd2 Rae7 19. a4 bxa4 20. Rxa4 Bb7 21.
Raa1 Qd7 22. b4 Qc6 23. Rec1 Bc8 24. Nb3 Re4 25. Qg2 h5 26. Nc5 Bxc5 27. dxc5
Qf6 28. Bd4 Qg6 29. Qf1 h4 30. Re1 hxg3 31. hxg3 Bb7 32. Rxe4 dxe4 33. Be3 Bc8
34. Rd1 Qh5 35. Rd6 Bg4 36. Qg2 Bf3 37. Qh2 Qe5 38. Rd4 1-0

[Event "MCR_CF284"]
[Site "?"]
[Date "2004.??.??"]
[Round "?"]
[White "Jarabinsky, Martin"]
[Black "Kratochvil, Vaclav"]
[Result "0-1"]
[WhiteElo "2127"]
[BlackElo "2199"]
[PlyCount "68"]
[EventDate "2004.??.??"]
[EventType "corr"]
[EventRounds "2"]
[SourceDate "2005.03.12"]

1. c4 c5 2. Nf3 Nf6 3. Nc3 d5 4. cxd5 Nxd5 5. d4 cxd4 6. Qxd4 Nxc3 7. Qxc3 Nc6
8. e4 e6 9. Bb5 Bd7 10. O-O Qb6 11. a4 Qc5 12. Qd3 Qd6 13. Qe2 a6 14. e5 Qc7
15. Bd3 Na5 16. Qd1 Bc6 17. Bd2 Qd8 18. Bc3 Nb3 19. Qxb3 Qxd3 20. Rfd1 Qg6 21.
Ne1 Qh5 22. Rd3 Be7 23. Bb4 Bxb4 24. Qxb4 Qxe5 25. Nf3 Qf6 26. Rad1 Qe7 27. Qf4
O-O 28. Ne5 Bd5 29. a5 Rac8 30. h3 Rc5 31. b4 Rb5 32. Rb1 f6 33. Nf3 b6 34. Nd2
bxa5 0-1

[Event "MCR_CF284"]
[Site "?"]
[Date "2004.??.??"]
[Round "?"]
[White "Jarabinsky, Martin"]
[Black "Zavadil, Jaroslav"]
[Result "1/2-1/2"]
[WhiteElo "2127"]
[BlackElo "2168"]
[PlyCount "166"]
[EventDate "2004.??.??"]
[EventType "corr"]
[EventRounds "2"]
[SourceDate "2005.03.12"]

1. c4 Nf6 2. d4 e6 3. g3 b6 4. Nf3 Bb7 5. Bg2 Be7 6. O-O O-O 7. Nc3 d5 8. cxd5
Nxd5 9. Nxd5 Bxd5 10. Qc2 Nc6 11. e4 Nb4 12. Qb1 Bc4 13. Rd1 Be2 14. Rd2 Bxf3
15. Bxf3 Nc6 16. e5 Qd7 17. Be4 Rad8 18. Bxh7+ Kh8 19. Be4 Nxd4 20. f4 Qa4 21.
Kg2 f5 22. exf6 Bxf6 23. Rf2 Qb5 24. Qd3 Qxd3 25. Bxd3 Rf7 26. Be3 Nf5 27. Bxf5
exf5 28. Re1 Rfd7 29. Rfe2 c5 30. g4 fxg4 31. Kg3 g6 32. Kxg4 Rh7 33. h3 Rh4+
34. Kg3 Rh5 35. Bf2 Rd3+ 36. Kg4 Rhxh3 37. Re8+ Kg7 38. Ra8 a5 39. Ra7+ Kh6 40.
Re6 Rh2 41. Be3 Re2 42. Kf3 Re1 43. f5+ Rdxe3+ 44. Rxe3 Rf1+ 45. Ke2 Rxf5 46.
b3 Bd4 47. Rh3+ Kg5 48. Rg3+ Kh6 49. Rg2 Rd5 50. Kd3 Rd6 51. Kc4 Bf6 52. Kb5
Bd8 53. Rh2+ Kg5 54. Rf7 Kg4 55. Rh8 g5 56. Rf1 Rd4 57. Rg8 Rd6 58. Rf2 Rd4 59.
Rf7 Kh4 60. Rff8 Bc7 61. Kc6 Bf4 62. Kxb6 Rd2 63. a4 Rb2 64. Kxc5 Rxb3 65. Ra8
Bd2 66. Kc4 Rc3+ 67. Kb5 Rb3+ 68. Ka6 g4 69. Rad8 Bb4 70. Rd4 Rg3 71. Kb5 Kh3
72. Rc4 Rg2 73. Rg6 Bd2 74. Rg8 Bb4 75. Rg7 Be1 76. Kc6 Bb4 77. Kb5 Bd2 78. Rd4
Bb4 79. Re4 Bd2 80. Rg8 Bb4 81. Rc4 Be1 82. Re4 Bb4 83. Rg7 Bd2 1/2-1/2

[Event "MCR_CF284"]
[Site "?"]
[Date "2004.??.??"]
[Round "?"]
[White "Zavadil, Jaroslav"]
[Black "Fejfar, Vlastimil"]
[Result "1/2-1/2"]
[WhiteElo "2168"]
[BlackElo "1958"]
[PlyCount "90"]
[EventDate "2004.??.??"]
[EventType "corr"]
[EventRounds "2"]
[SourceDate "2005.03.12"]

1. e4 e5 2. Nf3 Nc6 3. Bc4 Nf6 4. d4 exd4 5. O-O Nxe4 6. Re1 d5 7. Bxd5 Qxd5 8.
Nc3 Qa5 9. Nxe4 Be7 10. Bg5 f6 11. Nxf6+ gxf6 12. Bxf6 Rf8 13. Bxe7 Nxe7 14.
Qxd4 Qb6 15. Qg7 Qf6 16. Qxh7 Bf5 17. Qh5+ Qg6 18. Qh4 Be6 19. Nd4 Qg4 20. Qxg4
Bxg4 21. f3 Bd7 22. Ne6 Bxe6 23. Rxe6 Rd8 24. Rae1 Rd7 25. R6e4 Kf7 26. Rf4+
Kg7 27. Rxf8 Kxf8 28. Re2 Rd1+ 29. Kf2 Rh1 30. Kg3 Kf7 31. h3 Kf6 32. Kg4 a5
33. a4 Rb1 34. b3 Nf5 35. Rd2 c5 36. h4 c4 37. bxc4 Rb4 38. Kh3 Rxc4 39. g4 Nd4
40. c3 Ne6 41. Kg3 Rxa4 42. g5+ Kg6 43. Rd6 Kf5 44. Rd5+ Kg6 45. Rd6 Kf5
1/2-1/2

[Event "MCR_CF284"]
[Site "?"]
[Date "2004.??.??"]
[Round "?"]
[White "Fejfar, Vlastimil"]
[Black "Zavadil, Jaroslav"]
[Result "1/2-1/2"]
[WhiteElo "1958"]
[BlackElo "2168"]
[PlyCount "89"]
[EventDate "2004.??.??"]
[EventType "corr"]
[EventRounds "2"]
[SourceDate "2005.03.12"]

1. e4 e5 2. Nf3 Nc6 3. Bb5 a6 4. Ba4 Nf6 5. O-O Nxe4 6. d4 b5 7. Bb3 d5 8. dxe5
Be6 9. Nbd2 Nc5 10. c3 Bg4 11. Bc2 Be7 12. Re1 O-O 13. Nb3 Qd7 14. Nxc5 Bxc5
15. Qd3 g6 16. Bb3 Rfd8 17. Nd4 Nxd4 18. cxd4 Bb4 19. Bd2 Bf5 20. Qe3 Bf8 21.
Ba5 Re8 22. Rac1 c6 23. f4 Rac8 24. Bb6 Be4 25. Bc5 Bh6 26. Qg3 Qf5 27. Rf1 Qd7
28. Bd1 Bf5 29. Qh4 Bg7 30. g4 Bd3 31. Rf3 Be4 32. Rh3 h6 33. g5 h5 34. Ra3 Qb7
35. Bc2 Bf8 36. Bxe4 Bxc5 37. Rxc5 dxe4 38. Qe1 b4 39. Rg3 Rcd8 40. Qxe4 Rd5
41. Rc4 Qd7 42. Rxb4 c5 43. Rc4 Rxd4 44. Rxd4 cxd4 45. h3 1/2-1/2